| 000 | 01159cam a2200337 i 4500 | ||
|---|---|---|---|
| 001 | 2506892 | ||
| 003 | EG-ScBUE | ||
| 005 | 20230601105029.0 | ||
| 008 | 920127s1993 enka f 001 0aeng d | ||
| 020 | _a0006382320 | ||
| 020 | _a9780006382324 | ||
| 040 |
_aDLC _beng _erda _cDLC _dDLC _dEG-ScBUE |
||
| 043 | _an-us--- | ||
| 082 | 0 | 4 |
_222 _a791.430233092 _bWEL |
| 100 | 1 |
_aWelles, Orson, _d1915-1985, _eauthor. |
|
| 245 | 1 | 0 |
_aThis is Orson Welles / _cOrson Welles and Peter Bogdanovich ; edited by Jonathan Rosenbaum. |
| 264 | 1 |
_aLondon : _bHarperCollins, _c1993. |
|
| 300 |
_axxxv, 533 pages : _billustrations ; _c25 cm |
||
| 336 |
_2rdacontent _atext _btxt |
||
| 337 |
_2rdamedia _aunmediated _bn |
||
| 338 |
_2rdacarrier _avolume _bnc |
||
| 500 | _aIncludes index. | ||
| 600 | 1 | 7 |
_aWelles, Orson, _d1915-1985 _xInterviews. _2BUEsh |
| 650 | 7 |
_aMotion picture producers and directors _zUnited States _xInterviews. _2BUEsh |
|
| 650 | 7 |
_aActors _zUnited States _xInterviews. _2BUEsh |
|
| 653 |
_bGGEN _cJanuary2018 |
||
| 655 | _vReading book | ||
| 700 | 1 |
_aBogdanovich, Peter, _d1939- _eauthor. |
|
| 700 | 1 |
_aRosenbaum, Jonathan, _eeditor. |
|
| 942 |
_2ddc _cBB |
||
| 999 |
_c26019 _d25991 |
||